00293nam a2200121Ia 4500008004100000041000800041082001500049100001500064245002300079260003300102300001900135999001700154241015s9999 xx 000 0 und d aeng a658.83 AAK aAaker, Das aMarketing Research bWiley IndiaaNew Delhic2019 a610;. P. 27 cm c41820d41820